[Event "Challenge"]
[Site "http://www.queenalice.com/game.php?id=1787735"]
[Date "2022.4.26"]
[Round "-"]
[White "game"]
[Black "QAICC"]
[Result "0-1"]
[WhiteElo "1235"]
[BlackElo "1505"]

1. e4 e5 2. Nf3 Nf6 3. Nxe5 Nxe4 4. Qe2 Nd6 5. d4 Qe7 6. Bf4 f6 7. Qh5+ Nf7 8.
Bc4 fxe5 9. Bxf7+ Qxf7 10. Qxe5+ Qe7 11. Bg5 Qxe5+ 12. dxe5 Nc6 13. O-O d6 14.
exd6 cxd6 15. Re1+ Be7 16. Bf4 O-O 17. Nc3 Rxf4 18. Ne2 Rf7 19. h4 Bxh4 20. Ng3
Bxg3 21. Re8+ Rf8 22. Re2 Be5 23. Re3 Bxb2 24. Rae1 Bd7 25. Re7 Nxe7 26. Rxe7
Bc6 27. Re1 Rae8 28. Kf1 Rxe1+ 29. Kxe1 Bxg2 30. Kd2 Rxf2+ 31. Ke1 Rxc2 32. Kd1
Be4 33. Ke1 d5 34. Kf1 d4 35. a4 d3 36. Ke1 d2+ 37. Kd1 Bc3 38. Ke2 Bf3+ 39.
Kxf3 d1=Q+ 40. Ke3 h5 41. Kf4 Qd5 0-1

[Event "Challenge"]
[Site "http://www.queenalice.com/game.php?id=1787906"]
[Date "2022.4.28"]
[Round "-"]
[White "QAICC"]
[Black "TammieM3ENF"]
[Result "1-0"]
[WhiteElo "1505"]
[BlackElo "999"]

1. e4 g6 2. e5 e6 3. Nf3 f6 4. a3 fxe5 5. Nxe5 h5 6. Nxg6 Rh6 7. Nxf8 Kxf8 8. d4
d6 9. Bxh6+ Nxh6 10. Qxh5 Nf5 11. c3 c5 12. dxc5 dxc5 13. Nd2 a5 14. Ne4 c4 15.
Bxc4 b6 16. O-O Ra7 17. Qh8+ Ke7 18. Qxd8+ Kxd8 19. Rad1+ Rd7 20. Rxd7+ Bxd7 21.
Rd1 Nc6 22. Bb5 Nd6 23. Bxc6 Bxc6 24. Nxd6 Bd5 25. h4 b5 26. h5 Kd7 27. Nxb5 Kc6
28. a4 Bc4 29. Na3 e5 30. Nxc4 Kc5 31. Nxe5 Kb6 32. h6 Kc5 33. h7 1-0

[Event "Challenge"]
[Site "http://www.queenalice.com/game.php?id=1791818"]
[Date "2022.7.1"]
[Round "-"]
[White "ajr"]
[Black "QAICC"]
[Result "1-0"]
[WhiteElo "1856"]
[BlackElo "1580"]

1. d4 d5 2. Nc3 h6 3. h3 Bf5 4. g4 Bg6 5. Bg2 Nf6 6. a3 a6 7. Bf4 e6 8. e3 Nc6
9. Nge2 Ne4 10. Nxe4 dxe4 11. c3 Bd6 12. Qc2 f5 13. Bxd6 cxd6 14. Nf4 Bf7 15. h4
O-O 16. gxf5 exf5 17. Ke2 Bc4+ 18. Kd1 Qe8 19. b3 Bf7 20. Bh3 Ne7 21. c4 b6 22.
d5 a5 23. a4 Bh5+ 24. Kc1 Bf7 25. Qc3 Rc8 26. Bf1 Ng6 27. Qd4 Rb8 28. Nxg6 Bxg6
29. Be2 Bh5 30. Bxh5 g6 31. Be2 Qe5 32. Qxe5 dxe5 33. Rg1 Kh7 34. h5 Rg8 35. Kd2
gxh5 36. Bxh5 Rbd8 37. Bf7 Rgf8 38. Be6 f4 39. Raf1 f3 40. Rg4 Rf6 41. Kc2 h5
42. Rg5 Kh6 43. Rxe5 Rb8 44. Rxe4 Rb7 45. Rh1 Rg7 46. Rh2 Rg2 47. Reh4 Kg6 48.
Rxh5 Rxf2+ 49. Kd3 Rxh2 50. Rxh2 Kg7 51. Rf2 Kg6 52. e4 Rf8 53. Bf5+ Kg5 54.
Rxf3 Rh8 55. Kd4 Kf6 56. e5+ Kg5 57. e6 Rf8 58. Ke5 Re8 59. d6 1-0

[Event "Challenge"]
[Site "http://www.queenalice.com/game.php?id=1792576"]
[Date "2022.7.15"]
[Round "-"]
[White "Renie"]
[Black "QAICC"]
[Result "0-1"]
[WhiteElo "1470"]
[BlackElo "1539"]

1. c4 c5 2. Nc3 e5 3. Nf3 Nc6 4. g3 Nf6 5. Bg2 h6 6. b3 d6 7. d3 Be6 8. Bb2 a6
9. a3 Be7 10. Nd2 Qd7 11. O-O O-O 12. Nce4 d5 13. cxd5 Bxd5 14. Nxf6+ Bxf6 15.
Rc1 Bxg2 16. Re1 Bh3 17. Ne4 b6 18. Nxf6+ gxf6 19. Qd2 Kg7 20. b4 cxb4 21. axb4
Nd4 22. Rc3 f5 23. Rec1 Rac8 24. Qe3 Qd5 25. f3 f4 26. Qe4 Qxe4 27. fxe4 Nxe2+
28. Kf2 Nxc1 29. Rxc1 Rxc1 30. Bxc1 fxg3+ 31. Kxg3 Rc8 32. Ba3 Rc3 33. Bb2 Rxd3+
34. Kh4 f6 35. Kh5 Bg2 36. Kg4 Bxe4 37. Bc1 f5+ 38. Kh4 f4 39. Bb2 Rd5 40. h3 f3
41. Kg3 h5 42. Kh4 f2 43. Bc1 f1=Q 44. Bg5 Bf3 45. Bd8 Rxd8 46. Kg3 Qg2+ 47. Kh4
Rd4# 0-1

[Event "Challenge"]
[Site "http://www.queenalice.com/game.php?id=1796113"]
[Date "2022.9.12"]
[Round "-"]
[White "ajr"]
[Black "QAICC"]
[Result "0-1"]
[WhiteElo "1782"]
[BlackElo "1588"]

1. d4 d5 2. h3 Nc6 3. Nf3 h6 4. Bf4 Nf6 5. e3 a6 6. Nc3 e6 7. Bd3 Bb4 8. Qd2
Bxc3 9. Qxc3 Nh5 10. O-O Nxf4 11. exf4 Qf6 12. g3 Bd7 13. Rfe1 O-O-O 14. Kg2 g5
15. fxg5 hxg5 16. g4 Rde8 17. Ne5 Nxe5 18. Rxe5 Rh4 19. Be2 Qf4 20. Qg3 f6 21.
Qxf4 gxf4 22. Rh5 Rxh5 23. gxh5 Rh8 24. c3 Be8 25. Bg4 Rg8 26. Kf3 f5 27. Kxf4
fxg4 28. hxg4 Rh8 29. Re1 Rf8+ 30. Kg3 Kd7 31. b4 b5 32. f4 Rg8 33. a3 Bxh5 34.
g5 Kd6 35. Kh4 Bg6 36. Kg4 Rh8 37. Re5 c6 38. f5 exf5+ 39. Rxf5 Bxf5+ 40. Kxf5
Ke7 41. Kg4 Ke6 42. Kf4 Rg8 43. Kg4 Rg6 44. Kf4 Kf7 45. Kf5 Re6 46. Kg4 Kg6 47.
Kf4 Re4+ 48. Kf3 Kxg5 49. Kf2 Kg4 50. Kg2 Re3 51. Kf2 Rxc3 0-1

[Event "Challenge"]
[Site "http://www.queenalice.com/game.php?id=1796114"]
[Date "2022.9.12"]
[Round "-"]
[White "QAICC"]
[Black "ajr"]
[Result "0-1"]
[WhiteElo "1606"]
[BlackElo "1801"]

1. e4 c5 2. c4 e6 3. Nf3 Nc6 4. a3 d6 5. h3 Nf6 6. Nc3 a6 7. d4 cxd4 8. Nxd4
Nxd4 9. Qxd4 e5 10. Qd3 Be6 11. Bg5 Be7 12. Be2 h5 13. Nd5 Bxd5 14. cxd5 Qb6 15.
b4 Qd4 16. Kd2 Nxe4+ 17. Kc2 Qxd3+ 18. Bxd3 Nxf2 19. Rhf1 Nxd3 20. Bxe7 Kxe7 21.
Kxd3 Rac8 22. a4 b6 23. Rac1 Rxc1 24. Rxc1 Rb8 25. Rb1 f5 26. Ke3 g5 27. Rf1 Kf6
28. g4 f4+ 29. Ke4 Rc8 30. Kd3 hxg4 31. hxg4 Re8 32. Rc1 e4+ 33. Kd4 e3 34. Re1
Rh8 35. Ke4 Rh4 36. Kf3 Ke5 37. Rd1 Rh3+ 38. Ke2 Ke4 39. Rd3 f3+ 40. Ke1 Kxd3
41. b5 Rh1# 0-1

[Event "Challenge"]
[Site "http://www.queenalice.com/game.php?id=1815995"]
[Date "2023.7.10"]
[Round "-"]
[White "BALASH"]
[Black "QAICC"]
[Result "0-1"]
[WhiteElo "1608"]
[BlackElo "1682"]

1. e4 e5 2. Bc4 Nf6 3. Nc3 a6 4. Nf3 Nc6 5. a3 h6 6. d3 Bd6 7. b4 b5 8. Be3 bxc4
9. Nh4 cxd3 10. Qxd3 Ng4 11. Nf5 Nxe3 12. Nxe3 Ne7 13. h3 Bb7 14. O-O Ng6 15. g3
Qf6 16. Ncd5 Qd8 17. Nc4 Bxd5 18. Nxd6+ cxd6 19. Qxd5 Qb8 20. Qxd6 Qxd6 21. Rfd1
Qc6 22. Ra2 Qxe4 23. c3 d5 24. Rad2 Rc8 25. Re1 Qc4 26. f4 Qxc3 27. Rde2 Qxg3+
28. Rg2 Qxe1+ 29. Kh2 exf4 30. Rg1 Rc2+ 31. Rg2 Rxg2+ 32. Kxg2 Nh4+ 33. Kh2 Qg3+
34. Kh1 Qg2# 0-1

[Event "Challenge"]
[Site "http://www.queenalice.com/game.php?id=1828746"]
[Date "2024.1.8"]
[Round "-"]
[White "tariann"]
[Black "QAICC"]
[Result "1-0"]
[WhiteElo "2277"]
[BlackElo "1704"]

1. e4 e5 2. Nf3 Nc6 3. Bb5 Qf6 4. O-O Nge7 5. Re1 a6 6. Ba4 d5 7. exd5 b5 8.
dxc6 bxa4 9. Nxe5 g6 10. Nc3 Be6 11. d4 Bg7 12. Nxa4 Bd5 13. Qe2 O-O-O 14. Qxa6+
Kb8 15. Qb7# 1-0

[Event "Challenge"]
[Site "http://www.queenalice.com/game.php?id=1828747"]
[Date "2024.1.8"]
[Round "-"]
[White "arvo1938"]
[Black "QAICC"]
[Result "1-0"]
[WhiteElo "2146"]
[BlackElo "1704"]

1. f4 d5 2. g3 d4 3. Nf3 h6 4. Bg2 f6 5. c3 dxc3 6. bxc3 Bf5 7. O-O e6 8. d4
Bxb1 9. Rxb1 b6 10. Nh4 c6 11. Ng6 Rh7 12. e4 Ne7 13. Qh5 Kd7 14. f5 exf5 15.
Nxe7 Kxe7 16. Ba3+ c5 17. Qxf5 Rh8 18. e5 Qd7 19. e6 Qa4 20. Bxc5+ bxc5 21. Bxa8
Nc6 22. Rb7+ Ke8 23. Qg6+ Kd8 24. Rd7+ Kc8 25. Qe8+ Nd8 26. Qxd8# 1-0

[Event "Challenge"]
[Site "http://www.queenalice.com/game.php?id=1830314"]
[Date "2024.1.27"]
[Round "-"]
[White "pj"]
[Black "QAICC"]
[Result "0-1"]
[WhiteElo "1545"]
[BlackElo "1648"]

1. e4 e5 2. c4 c5 3. a4 a5 4. h4 h5 5. d3 Be7 6. g3 d6 7. Nc3 Nf6 8. Nb5 Bd7 9.
Qb3 Qb6 10. Nf3 Ng4 11. Ra3 Bxb5 12. cxb5 Nd7 13. Bh3 O-O-O 14. Qxf7 c4 15. Qxe7
Qxf2+ 16. Kd1 Qxf3+ 17. Kc2 Qxh1 18. Bxg4 cxd3+ 19. Rxd3 hxg4 20. Qxd6 Qxe4 21.
Kb1 Nc5 22. Qxc5+ Kb8 23. b6 Qxd3+ 24. Ka2 Qd5+ 25. Qxd5 Rxd5 26. Kb3 e4 27. Kc4
Rhd8 28. Bf4+ Kc8 29. Bc7 R8d7 30. h5 e3 31. b4 Rd4+ 32. Kb3 e2 33. Be5 Re4 34.
Bc3 axb4 35. Bxb4 Rxb4+ 36. Kxb4 e1=Q+ 37. Kb5 Rd4 38. Kc5 Qb4# 0-1

[Event "Challenge"]
[Site "http://www.queenalice.com/game.php?id=1830424"]
[Date "2024.1.29"]
[Round "-"]
[White "digger"]
[Black "QAICC"]
[Result "1-0"]
[WhiteElo "1693"]
[BlackElo "1704"]

1. e4 e5 2. d4 exd4 3. Qxd4 Nc6 4. Qd5 Nb4 5. Qc4 Nf6 6. e5 Ng8 7. Bf4 f6 8. Nf3
fxe5 9. Nxe5 Qe7 10. Nc3 Nxc2+ 11. Kd2 Nxa1 12. Bd3 Qf6 13. Nd5 Qxf4+ 14. Nxf4
Nh6 15. Rxa1 c6 16. Bf5 Nxf5 17. Qf7+ Kd8 18. Qxf5 Kc7 19. Nf7 Bb4+ 20. Kc2 Rf8
21. Rd1 d6 22. Qh5 Bd7 23. a3 Bc5 24. Rd2 Rae8 25. Nd3 h6 26. Nxc5 dxc5 27. Ne5
Re7 28. Qe2 Bf5+ 29. Kc3 Rf6 30. f4 b5 31. g4 Bh7 32. Qe3 Kb6 33. Nd7+ Rxd7 34.
Rxd7 Rg6 35. h3 b4+ 36. axb4 Re6 37. Qxc5+ 1-0

[Event "Challenge"]
[Site "http://www.queenalice.com/game.php?id=1834578"]
[Date "2024.4.3"]
[Round "-"]
[White "RAFAELI"]
[Black "QAICC"]
[Result "1-0"]
[WhiteElo "1772"]
[BlackElo "1662"]

1. e4 e5 2. Qh5 Nc6 3. Bc4 g6 4. Qf3 Nf6 5. d3 Nd4 6. Qd1 Bc5 7. Nf3 Nxf3+ 8.
Qxf3 h6 9. h3 d6 10. g4 Qe7 11. Nc3 a6 12. a4 Bd7 13. Bd5 O-O-O 14. Bd2 Bd4 15.
b4 g5 16. b5 Bxc3 17. Bxc3 Nxd5 18. exd5 axb5 19. axb5 Bxb5 20. O-O Kd7 21. Rfe1
Rc8 22. d4 Qf8 23. dxe5 Re8 24. Qf6 Bc4 25. Red1 c6 26. dxc6+ bxc6 27. Rxd6+ Kc7
28. Rxc6+ Kb7 29. Rb1+ Bb5 30. Rxb5+ Ka7 31. Ra6# 1-0

[Event "Challenge"]
[Site "http://www.queenalice.com/game.php?id=1842099"]
[Date "2024.8.17"]
[Round "-"]
[White "BigWally"]
[Black "QAICC"]
[Result "1-0"]
[WhiteElo "1612"]
[BlackElo "1685"]

1. e4 e5 2. Nf3 Nc6 3. d4 exd4 4. Nxd4 Nxd4 5. Qxd4 Nf6 6. e5 Qe7 7. Be2 Ng8 8.
O-O Qe6 9. Bg4 c5 10. Qe4 d5 11. Bxe6 dxe4 12. Bxc8 Rxc8 13. Nc3 Rd8 14. Nb5 Rd7
15. c4 b6 16. Nc3 Re7 17. Bf4 g6 18. Nd5 Rb7 19. a4 Bh6 20. Bxh6 Nxh6 21. Nf6+
Ke7 22. Nxe4 a5 23. Rad1 Rd8 24. Rxd8 Kxd8 25. Nf6 Re7 26. Re1 Re6 27. Nxh7 Ng4
28. Ng5 Re7 29. h3 f6 30. hxg4 fxg5 31. b3 Kc7 32. e6 Kd6 33. f3 Rxe6 34. Rxe6+
Kxe6 35. Kf2 Kd6 36. Ke3 Ke5 37. g3 Ke6 38. f4 gxf4+ 39. gxf4 Kf6 40. Ke4 Ke6
41. g5 Kd6 42. f5 gxf5+ 43. Kxf5 Ke7 44. g6 Kf8 45. Kf6 Kg8 46. g7 Kh7 47. Kf7
Kh6 48. g8=Q 1-0

[Event "Challenge"]
[Site "http://www.queenalice.com/game.php?id=1842100"]
[Date "2024.8.17"]
[Round "-"]
[White "Tig"]
[Black "QAICC"]
[Result "1-0"]
[WhiteElo "2008"]
[BlackElo "1688"]

1. e4 e5 2. Bc4 Nf6 3. d4 exd4 4. Nf3 Bc5 5. O-O d5 6. exd5 Bg4 7. Re1+ Be7 8.
Bg5 O-O 9. Qxd4 Bxf3 10. gxf3 Qd6 11. Nc3 a6 12. Qe5 Qxe5 13. Rxe5 Bd6 14. Re2
Nbd7 15. Ne4 Nxe4 16. fxe4 Ne5 17. f4 Nxc4 18. b3 Nb6 19. c4 Bc5+ 20. Kh1 f6 21.
Bh4 Rfe8 22. Rf1 Nd7 23. Rf3 a5 24. a4 f5 25. e5 Be7 26. Be1 Bb4 27. Bh4 Be7 28.
Be1 Nc5 29. Bf2 Ne4 30. Bd4 Bb4 31. e6 c6 32. Rg2 g6 33. h4 cxd5 34. cxd5 Rad8
35. h5 Rxd5 36. hxg6 Rxe6 37. gxh7+ Kxh7 38. Rh3+ Rh6 39. Rg7+ 1-0

[Event "Challenge"]
[Site "http://www.queenalice.com/game.php?id=1842101"]
[Date "2024.8.17"]
[Round "-"]
[White "Daniel1962"]
[Black "QAICC"]
[Result "0-1"]
[WhiteElo "1841"]
[BlackElo "1662"]

1. e4 e5 2. Nf3 Nc6 3. Bc4 h6 4. d4 exd4 5. Nxd4 Nxd4 6. Qxd4 d6 7. e5 Qe7 8. f4
dxe5 9. fxe5 a6 10. O-O Be6 11. Bxe6 Qxe6 12. Nc3 Rd8 13. Qe4 c6 14. b3 Bc5+ 15.
Be3 Bxe3+ 16. Qxe3 Ne7 17. Rae1 O-O 18. Qg3 Rd2 19. Rf6 Nf5 20. Qg4 Qe7 21. Rxf5
Qc5+ 22. Kh1 Qxc3 23. Rf6 Rd7 24. Ref1 Re7 25. Rxh6 Qxe5 26. h3 Rd8 27. Rhf6 Qd5
28. R1f3 Rd6 29. Rxd6 Re1+ 30. Kh2 Qxd6+ 31. Rg3 g6 32. h4 Re5 33. Qc8+ Kg7 34.
Qxb7 Rh5 35. Kh3 Qe6+ 36. Rg4 g5 37. Qb4 Rxh4+ 38. Kg3 Qe3# 0-1

[Event "Challenge"]
[Site "http://www.queenalice.com/game.php?id=1844930"]
[Date "2024.10.8"]
[Round "-"]
[White "QAICC"]
[Black "BigWally"]
[Result "0-1"]
[WhiteElo "1663"]
[BlackElo "1626"]

1. e4 e5 2. Nf3 Nf6 3. Nc3 Nc6 4. Bb5 Nd4 5. Nxd4 exd4 6. Nd5 Nxe4 7. Bd3 Nf6 8.
Nxf6+ Qxf6 9. O-O d6 10. Qe2+ Be6 11. b4 Qg5 12. Qf3 d5 13. b5 Bc5 14. g3 O-O
15. a4 Bg4 16. Qf4 Qxf4 17. gxf4 Bf3 18. Ba3 Bxa3 19. Rxa3 b6 20. Bxh7+ Kxh7 21.
Rxf3 Rae8 22. Rd3 Re4 23. Rf3 Re2 24. Rd1 Rfe8 25. Kf1 R2e6 26. c3 dxc3 27. Rxc3
Rc8 28. f5 Rf6 29. Rf3 d4 30. d3 Rh6 31. Kg1 Re8 32. Rf4 Rh8 33. Rxd4 f6 34. Re1
Rh5 35. Rd7 Kg8 36. Rxc7 Rxh2 37. Rxa7 Rh1+ 38. Kg2 Rxe1 39. Rb7 Ra1 40. Ra7 Rh5
41. Ra6 Rg5+ 42. Kf3 Rxf5+ 43. Ke2 Ra2+ 44. Ke3 Raxf2 45. Rxb6 R5f4 46. d4 Rf1
47. Kd3 Ra1 48. Ra6 Rf3+ 49. Ke4 Rfa3 50. b6 Rxa4 51. b7 Rb1 52. b8=Q+ Rxb8 53.
Rxa4 Re8+ 54. Kf5 Kf7 55. Ra7+ Kf8 56. Rd7 Re7 57. Rd8+ Re8 58. Rd5 Kf7 59. Rd7+
Re7 0-1

[Event "Challenge"]
[Site "http://www.queenalice.com/game.php?id=1844931"]
[Date "2024.10.8"]
[Round "-"]
[White "QAICC"]
[Black "Tig"]
[Result "0-1"]
[WhiteElo "1665"]
[BlackElo "2011"]

1. e4 d5 2. exd5 Qxd5 3. Nc3 Qa5 4. d4 Nf6 5. h3 c6 6. Nf3 Bf5 7. Bd3 Bg6 8.
Bxg6 hxg6 9. Bd2 Nbd7 10. Qe2 e6 11. a3 Qb6 12. Na4 Qc7 13. O-O-O Bd6 14. h4 Bf4
15. g3 Bxd2+ 16. Qxd2 Ne4 17. Qe3 Ndf6 18. Rdf1 Nd6 19. Ne5 b5 20. Nc5 Nd5 21.
Qd2 a5 22. f4 Nb7 23. Ncd7 Ne7 24. g4 f6 25. f5 fxe5 26. dxe5 Qxd7 27. Qxd7+
Kxd7 28. fxe6+ Kxe6 29. Re1 Rad8 30. h5 Nc5 31. b3 Rd4 32. g5 Rxh5 33. Rhg1 Ne4
34. Rg4 Rxg5 35. Rgxe4 Rxe4 36. Rxe4 Rxe5 37. Rh4 g5 38. Rh8 a4 39. Kb2 g4 40.
Rh4 Rg5 41. Rh1 g3 42. Rg1 Kf5 43. Kc1 g2 44. Kd2 Kf4 45. Ke2 Kg3 46. c3 Kh2 47.
Rxg2+ Rxg2+ 48. Kd3 axb3 0-1